MARCO POLO AND THE DISCOVERY OF THE WORLD (Record no. 6001)
[ view plain ]
| 000 -LEADER | |
|---|---|
| fixed length control field | 00413nam a22001457a 4500 |
| 005 - DATE AND TIME OF LATEST TRANSACTION | |
| control field | 20250527124223.0 |
| 008 - FIXED-LENGTH DATA ELEMENTS--GENERAL INFORMATION | |
| fixed length control field | 250527b |||||||| |||| 00| 0 eng d |
| 020 ## - INTERNATIONAL STANDARD BOOK NUMBER | |
| International Standard Book Number | 9780300089004 |
| 050 ## - LIBRARY OF CONGRESS CALL NUMBER | |
| Classification number | G 370 |
| Item number | .P9L27 |
| 100 ## - MAIN ENTRY--PERSONAL NAME | |
| Personal name | LARNER, JOHN |
| 245 ## - TITLE STATEMENT | |
| Title | MARCO POLO AND THE DISCOVERY OF THE WORLD |
| Statement of responsibility, etc. | JOHN LARNER |
| 260 ## - PUBLICATION, DISTRIBUTION, ETC. | |
| Place of publication, distribution, etc. | NEW HAVEN |
| Name of publisher, distributor, etc. | YALE UNIVERSITY PRESS |
| Date of publication, distribution, etc. | c1999 |
| 300 ## - PHYSICAL DESCRIPTION | |
| Extent | xiii; 250p.; |
| Other physical details | ills |
| 942 ## - ADDED ENTRY ELEMENTS (KOHA) | |
| Source of classification or shelving scheme | Library of Congress Classification |
| Koha item type | Books |
| Suppress in OPAC | No |
| 999 ## - | |
| -- | 6001 |
| -- | 6001 |
| Withdrawn status | Lost status | Source of classification or shelving scheme | Damaged status | Not for loan | Collection | Home library | Current library | Shelving location | Date acquired | Total checkouts | Full call number | Barcode | Date last seen | Copy number | Price effective from | Koha item type |
|---|---|---|---|---|---|---|---|---|---|---|---|---|---|---|---|---|
| Library of Congress Classification | Non-fiction | Undergraduate Library (Christ Temple) | Undergraduate Library (Christ Temple) | General stacks | 05/28/2025 | G370.P9L27 LAR | ulct00002684 | 05/28/2025 | 1 | 05/28/2025 | Books |